Význam počítačovej techniky v riadení personálnej práce

Salvato in:
Dettagli Bibliografici
Autore principale: Trávničková, Eva, 1988- (Autore)
Altri autori: Kvasnica, Ondrej, 1983- (Relatore della tesi)
Natura: Manoscritto Libro
Lingua:slovacco
Pubblicazione: Trnava : STU v Bratislave MTF, 2010
Soggetti:
Accesso online:VAIS
Tags: Aggiungi Tag
Nessun Tag, puoi essere il primo ad aggiungerne!!

MARC

LEADER 00000ntm a22000003a 4500
001 stu217895
005 20160719160353.8
008 101130s2010----xo------------------slo-d
040 |a STU  |b slo 
041 0 |a slo 
044 |a xo 
100 1 |a Trávničková, Eva,  |d 1988-  |4 aut  |X 48410  |7 A000048410 
242 0 0 |a The meaning of computer technology in personal work management  |y eng 
245 1 |a Význam počítačovej techniky v riadení personálnej práce 
260 |a Trnava :  |b STU v Bratislave MTF,  |c 2010 
650 7 |a personálna práca v priemyselnom podniku  |2 stusub 
650 7 |a Personnel Work in a Business Enterprise  |2 estusub 
650 7 |a elektronická komunikácia  |2 stusub 
650 7 |a elektronické vzdelávanie  |2 stusub 
700 1 |a Kvasnica, Ondrej,  |d 1983-  |4 ths  |u M7000  |T MTF Ústav inžinierskej pedagogiky a humatitných vied  |X 11129  |U M7000  |Y M7000  |7 A000011129 
856 4 |a info a plný text  |u http://is.stuba.sk/zp/portal_zp.pl?podrobnosti=47023  |3 VAIS